000 01227 a2200229 4500
003 Nust
005 20230316151755.0
010 _a 78011264
020 _a007019310X
040 _cNust
082 0 0 _a629.83,EMA
100 1 _aEmanuel, Pericles,
_9110465
245 1 0 _aIntroduction to feedback control systems /
_cPericles Emanuel, Edward Leff.
250 _aIternational Student Edition
260 _aLondon :
_bMcGraw-Hill,
_cc1976.
300 _axvi, 378 p. :
_bill. ;
_c24 cm.
490 0 _aMcGraw-Hill series in electrical engineering
505 _aIntroduction to Feedback Control Systems (Page-1), Servo Components (Page-8), Mathematical Techniques (Page-59), Transfer Functions of Components and Block Diagrams (Page-85), Analysis of Second Order Servo Systems (Page-108), Frequency Response Analysis (Page-138), Compensation (Page-178), Other Types of Control Systems (Page-197), Digital Servos and Components (Page-211) ,Data Acquisition and Interface Components (Page-230) Interfacing the Computer and the Control System (Page-282) Motor Controls (Page-296), Analog Computers and Simulation (Page-315).
650 0 _aFeedback control systems.
700 1 _aLeff, Edward,
_d1938-
_9110466
942 _2ddc
_cBK
999 _c183858
_d183858